000 00651cab a22002175a 4500
001 L157680
008 130227e20130216xxk 000 0 eng d
035 _a(Sirsi) u157680
041 0 _aeng
100 1 _aPilgrim, Tarnya
245 0 0 _aPoor rating for EPC regulations
260 _c2013
490 _aEstates Gazette
_v(1307) 16 February 2013, 96(1)
520 _aExplains the implications of recent changes to the energy performance certificate and display energy certificate regimes.
590 _aKA
651 4 _aUnited Kingdom
690 _aEnergy
_96237
690 _aSustainability
_96271
690 _aEnvironment
_96238
942 _n0
999 _c84430
_d84430